000 00740nam a2200265Ia 4500
003 OSt
005 20221007110535.0
006 a|||||r|||| 00| 0
007 ta
008 221006b |||||||| |||| 00| 0 eng d
020 _a033324486
024 _a21,313
037 _cTextual
040 _aLCO
_cLCO
_beng
041 _2eng
_aeng
082 _aY:4:5, L9
100 _aTaylor John G.
_9133620
245 0 _aFrom Modernization to Modes of Production
260 _aLondon
_bThe Macmillian Press Ltd. U.K.
_c1979
300 _a335
500 _aA Critique of the Sociologies of Dvelopment and Underdevelopment
650 _aPRODUCTION
942 _hY:4:5, L9
_cTEXL
999 _c1190876
_d1190876